Pracovný poriadok obce a mesta

Pracovný poriadok obce alebo mesta je kľúčovým interným predpisom s významnými právnymi dôsledkami na pracovnoprávne vzťahy. Článok vysvetľuje jeho právny rámec, obsahové limity, použitie v praxi a zároveň poukazuje aj na judikatúru súdov.

Gespeichert in:
Bibliographische Detailangaben
1. Verfasser: Mičudová, Tatiana
Format: Buchkapitel
Sprache:Slowakisch
Schlagworte:
Tags: Tag hinzufügen
Keine Tags, Fügen Sie das erste Tag hinzu!

MARC

LEADER 00000naa a2200000 4500
001 0314557
005 20260127100229.3
041 0 |a slo 
044 |a SK 
245 1 0 |a Pracovný poriadok obce a mesta  |c Tatiana Mičudová 
520 |a Pracovný poriadok obce alebo mesta je kľúčovým interným predpisom s významnými právnymi dôsledkami na pracovnoprávne vzťahy. Článok vysvetľuje jeho právny rámec, obsahové limity, použitie v praxi a zároveň poukazuje aj na judikatúru súdov. 
610 2 0 |a poriadok pracovný 
610 2 0 |a obce 
610 2 0 |a mestá 
610 2 0 |a predpisy 
610 2 0 |a zamestnanci 
610 2 0 |a zamestnávatelia 
100 1 |a Mičudová, Tatiana